00936cam a2200301 a 450000100090000000300040000900500170001300800410003001000170007102000180008802000150010602500270012103500260014803700630017404000140023704200100025104300120026105000240027308200190029710000210031624500420033726000410037930000210042050400660044152000370050765000560054465100340060015195459OSt20200612115322.0080208s2008 ii b 001 0 eng  a 2008336698 a9788180695209 a8180695204 aI-E-2008-336698; 79-90 a(IN-NdUBS)UBS08000316 bLibrary of Congress -- New Delhi Overseas OfficecRs700.00 aDLCcoclc alcode aa-ii---00aHC435.3b.M348 2008 a170.954bMAI/D aMaiti, Prasenjit10aDevelopment ethics /cPrasenjit Maiti aNew Delhi :bConcept Pub. Co,c2008. a303 p. ;c23 cm. aIncludes bibliographical references (p. [281]-287 and index). aWith special reference to India. 0aEconomic developmentzIndiaxCitizen participation. 0aIndiaxEconomic policyy1991-